| 000 | 00366nam a2200109Ia 4500 | ||
|---|---|---|---|
| 008 | 200302s9999 xx 000 0 und d | ||
| 100 | _aClaudia Dinep and Kristin Schwab | ||
| 245 | _aSustainable Site Design Criteria, Process, and Case Studies for Integrating Site and Region in Landscape Design | ||
| 260 | _bJohn- Wiley & Sons, Inc., | ||
| 260 | _c2010 | ||
| 300 | _a277 | ||
| 999 |
_c5366 _d5366 |
||